000 00645nam a2200205Ia 4500
003 IN-BaIIA
008 211028s9999 xx 000 0 eng d
040 _cIIA Library
080 _a047.1:52
_bARA-39
245 0 _aAnnual review of astronomy and astrophysics
_bvol. 39
_cedited by Geoffrey Burbidge, Allan Sandage and Frank H. Shu
260 _aCalifornia
_bAnnual Reviews
_c2001
300 _aix, 668p.
650 _aastronomy
_980
650 _aastrophysics
_9794
650 _atheoretical astrophysics
_915234
700 _aBurbidge, Geoffrey, ed.
700 _aSandage, Allan, ed.
_99048
700 _aShu, Frank H., ed.
942 _cBK
999 _c14380
_d14380